Glimpses of Indian Ethnopharmacology (Record no. 142885)

MARC details
000 -LEADER
fixed length control field 00455nam a22001697a 4500
003 - CONTROL NUMBER IDENTIFIER
control field OSt
020 ## - INTERNATIONAL STANDARD BOOK NUMBER
International Standard Book Number 81-900397-0-9
082 ## - DEWEY DECIMAL CLASSIFICATION NUMBER
Classification number 615.1
Item number PUS/GL
245 ## - TITLE STATEMENT
Title Glimpses of Indian Ethnopharmacology
260 ## - PUBLICATION, DISTRIBUTION, ETC. (IMPRINT)
Place of publication, distribution, etc Thiruvananthapuram
Name of publisher, distributor, etc TBGRI
Date of publication, distribution, etc 1995
300 ## - PHYSICAL DESCRIPTION
Extent xxi, 420 Pages
650 ## - SUBJECT ADDED ENTRY--TOPICAL TERM
Topical term or geographic name as entry element proceedings of the first national conference on ethnopharmacology
700 ## - ADDED ENTRY--PERSONAL NAME
Personal name Pushpangadan P
700 ## - ADDED ENTRY--PERSONAL NAME
Personal name Nyman, Ulf
700 ## - ADDED ENTRY--PERSONAL NAME
Personal name George, V
942 ## - ADDED ENTRY ELEMENTS (KOHA)
Source of classification or shelving scheme Dewey Decimal Classification
Koha item type Books (General)
Holdings
Lost status Source of classification or shelving scheme Damaged status Not for loan Collection code Home library Current library Shelving location Date acquired Total Checkouts Full call number Barcode Date last seen Koha item type
  Dewey Decimal Classification     General KAU Central Library, Thrissur KAU Central Library, Thrissur General 03/05/2016   615.1 PUS/GL 807675 03/05/2016 Books (General)
Kerala Agricultural University Central Library
Thrissur-(Dt.), Kerala Pin:- 680656, India
Ph : (+91)(487) 2372219
E-mail: librarian@kau.in
Website: http://library.kau.in/